Charithra padanangal (Record no. 36413)
[ view plain ]
| 000 -LEADER | |
|---|---|
| fixed length control field | 00928nam a2200157Ia 4500 |
| 008 - FIXED-LENGTH DATA ELEMENTS--GENERAL INFORMATION | |
| fixed length control field | 210323s9999||||xx |||||||||||||| ||und|| |
| 040 ## - CATALOGING SOURCE | |
| Transcribing agency | STCPL |
| 082 ## - DEWEY DECIMAL CLASSIFICATION NUMBER | |
| Classification number | 909 |
| Item number | BAL-C |
| 100 ## - MAIN ENTRY--PERSONAL NAME | |
| Personal name | ബാലകൃഷ്ണപിള്ള എ. |
| 245 #0 - TITLE STATEMENT | |
| Title | Charithra padanangal |
| Title in other language | ചരിത്ര പഠനങ്ങള് |
| 260 ## - PUBLICATION, DISTRIBUTION, ETC. | |
| Place of publication, distribution, etc. | Sandiego |
| Name of publisher, distributor, etc. | Bamsuri Books |
| Date of publication, distribution, etc. | 1992 |
| 300 ## - PHYSICAL DESCRIPTION | |
| Extent | 227 |
| 650 ## - SUBJECT ADDED ENTRY--TOPICAL TERM | |
| Topical term or geographic name entry element | General World Historyअग्रवाल केदारनाथ, प्रसाद जयशंकर, श्रीवास्तव, प्रतापनारायण, दामोदर, दीक्षित, पूरोहित, पुष्पलता, मोहना, मैनी, उपन्यास कहानी, नाटक एकाकी, बापट, भनोम, भाषाविज्ञान, तथा व्याकरण, दिवेदी, मिश्र, |
| 942 ## - ADDED ENTRY ELEMENTS (KOHA) | |
| Koha item type | Books |
| 041 ## - LANGUAGE CODE | |
| Language code of original | Malayalam |
| Withdrawn status | Lost status | Damaged status | Not for loan | Home library | Current library | Shelving location | Date acquired | Cost, normal purchase price | Total Checkouts | Full call number | Barcode | Date last seen | Price effective from | Koha item type |
|---|---|---|---|---|---|---|---|---|---|---|---|---|---|---|
| ST. THOMAS COLLEGE LIBRARY, PALAI | ST. THOMAS COLLEGE LIBRARY, PALAI | 2021-07-10 | 40.00 | 909 _ME-C | 53735 | 2021-07-10 | 2021-07-10 | Books |
